LEADER 01156nam a2200301 i 4500 001 991000125269707536 008 090313s2004 it 001 0 ita 020 $a8846457293 035 $ab13817218-39ule_inst 040 $aFacoltà SSPT$bita 082 0 $a338.09 100 1 $aCanesi, Marco$034870 245 12$aL'altra globalizzazione :$buna nuova offerta produttiva nell'area del Mediterraneo /$cMarco Canesi 260 $aMilano :$bAngeli,$c2004 300 $a259 p. :$bc. geogr. ;$c23 cm 440 0$aEconomia e politica industriale ;$v247 500 $aCon bibliografia 650 4$aImprese multinazionali e globalizzazione 650 4$aGlobalizzazione e sviluppo economico 651 4$aItalia meridionale$xSviluppo economico 651 4$aItalia meridionale$xIndustria 651 4$aBasilicata$xSviluppo industriale 907 $a.b13817218$b02-04-14$c13-03-09 912 $a991000125269707536 945 $aLE021-338.09 CAN01.01$g1$i2020000012535$lle021$op$pE22.00$q-$rn$s- $t0$u0$v0$w0$x0$y.i14950236$z06-04-09 996 $aAltra globalizzazione$968944 997 $aUNISALENTO 998 $ale020$b13-03-09$cm$da $e-$fita$git $h2$i0 LEADER 01738oam 2200445M 450 001 9910716459903321 005 20200213071018.4 035 $a(CKB)5470000002521546 035 $a(OCoLC)1065663455 035 $a(OCoLC)995470000002521546 035 $a(EXLCZ)995470000002521546 100 $a20071213d1927 ua 0 101 0 $aeng 135 $aurcn||||||||| 181 $ctxt$2rdacontent 182 $cc$2rdamedia 183 $acr$2rdacarrier 200 10$aAdditional judge for southern district of California. January 20, 1927. -- Committed to the Committee of the Whole House on the State of the Union and ordered to be printed 210 1$a[Washington, D.C.] :$c[U.S. Government Printing Office],$d1927. 215 $a1 online resource (1 page) 225 1 $aHouse report / 69th Congress, 2nd session. House ;$vno. 1828 225 1 $a[United States congressional serial set] ;$v[serial no. 8688] 300 $aBatch processed record: Metadata reviewed, not verified. Some fields updated by batch processes. 300 $aFDLP item number not assigned. 606 $aCourt congestion and delay 606 $aDistrict courts 606 $aJudges 608 $aLegislative materials.$2lcgft 615 0$aCourt congestion and delay. 615 0$aDistrict courts. 615 0$aJudges. 701 $aGraham$b George Scott$f1850-1931$pRepublican (PA)$01386798 801 0$bWYU 801 1$bWYU 801 2$bOCLCO 801 2$bOCLCQ 906 $aBOOK 912 $a9910716459903321 996 $aAdditional judge for southern district of California. January 20, 1927. -- Committed to the Committee of the Whole House on the State of the Union and ordered to be printed$93456226 997 $aUNINA LEADER 02655nam 2200457 450 001 9910165098203321 005 20200520144314.0 010 $a1-5040-3653-0 035 $a(CKB)3710000000776942 035 $a(MiAaPQ)EBC4504866 035 $a(Au-PeEL)EBL4504866 035 $a(CaPaEBR)ebr11238817 035 $a(CaONFJC)MIL913826 035 $a(OCoLC)945566792 035 $a(BIP)055295261 035 $a(EXLCZ)993710000000776942 100 $a20160829h20162005 uy 0 101 0 $aeng 135 $aurcnu|||||||| 181 $2rdacontent 182 $2rdamedia 183 $2rdacarrier 200 10$aFriendly fire $ea novel /$fPatrick Gale 210 1$aNew York, New York :$cOpen Road Integrated Media,$d2016. 210 4$d2005 215 $a1 online resource (193 pages) 330 8 $aAt an elite English boarding school in the late 1970s, an orphaned fourteen-year-old girl falls in love with two boys--one of them gay--in this coming-of-age novel The town orphanage has been Sophie Cullen's only home since she was five years old. She knows not whether her parents are living or dead, and has no memory of her life before Wakefield House. No one is more surprised than Sophie when she wins the last scholarship to an exclusive boarding school. Tatham's was founded in the fourteenth century, and it is only the rare female scholar who gains entry. Even with the girls outnumbered twenty-five to one, Sophie only has eyes for upperclassman Lucas Behrman. Until she sees him kissing a boy. Then she meets Charlie Somborne-Abbot, whose life is shadowed by scandal. And solid, dependable Will Franks, who gives her her first kiss. But her education is just beginning. It will take a fall from grace and a devastating tragedy for Sophie to discover who she is and find her true place in the world. From the author of the bestselling Notes from an Exhibition, Friendly Fire is a wise and affecting chronicle of the painful angst of adolescence. A novel about friendship, family, and love, it explores the intransigence of beauty, the ephemerality of youth, the exhilaration of learning, and that most British of all preoccupations: class. 606 $aVietnam War, 1961-1975$xCasualties 606 $aVietnam War, 1961-1975$xProtest movements$zUnited States 610 $aFiction 615 0$aVietnam War, 1961-1975$xCasualties. 615 0$aVietnam War, 1961-1975$xProtest movements 676 $a959.70431 700 $aGale$b Patrick$01079311 801 0$bMiAaPQ 801 1$bMiAaPQ 801 2$bMiAaPQ 906 $aBOOK 912 $a9910165098203321 996 $aFriendly fire$93420708 997 $aUNINA